The dream and other stories
Guardado en:
| Hovedforfatter: | |
|---|---|
| Format: | Bog |
| Sprog: | Undetermined |
| Udgivet: |
Great Britain
University of London Press
1967
|
| Fag: | |
| Tags: |
Tilføj Tag
Ingen Tags, Vær først til at tagge denne postø!
|
MARC
| LEADER | 00000nam a2200000Ia 4500 | ||
|---|---|---|---|
| 008 | 170316s9999 xx 000 0 und d | ||
| 040 | |a cru BVZT | ||
| 090 | |a 820 W-16d | ||
| 100 | |a Wymer, Norma | ||
| 245 | 4 | |a The dream and other stories | |
| 260 | |a Great Britain | ||
| 260 | |b University of London Press | ||
| 260 | |c 1967 | ||
| 300 | |a 48 páginas | ||
| 650 | |a LITERATURA INGLESA | ||
| 999 | |c 7259 |d 7259 | ||
| 942 | |c 15 D |h 820 W-16d |2 z | ||
